Applied mathematical ecology
保存先:
| 主要な著者: | , , |
|---|---|
| フォーマット: | 図書 |
| 言語: | 英語 |
| 出版事項: |
Nueva York
Springer Verlag
1989
|
| シリーズ: | Biomathematics, 18
|
| 主題: | |
| タグ: |
タグ追加
タグなし, このレコードへの初めてのタグを付けませんか!
|
MARC
| LEADER | 00000nam a2200000 a 4500 | ||
|---|---|---|---|
| 001 | UCW1028 | ||
| 003 | CL-VaPUC | ||
| 008 | 900926e19890000US |||||||||||||||||eng|d | ||
| 082 | 0 | 4 | |a 577.0151 |b LEV |2 21 |
| 100 | |a Levin, Simon A |e author |9 619189 | ||
| 700 | |a Hallam, Thomas G |e author |9 617017 | ||
| 700 | 0 | |a Gross, Louis J |e author |9 304952 | |
| 245 | 1 | 0 | |a Applied mathematical ecology |
| 300 | |a 491 p | ||
| 942 | |c BK | ||
| 945 | |d 19900926 00:00:00 | ||
| 260 | |a Nueva York |b Springer Verlag |c 1989 | ||
| 650 | 7 | |a ECOLOGIA MODELOS MATEMATICOS |2 CL-VaPUC |9 262084 | |
| 583 | |a last modification |c 19900926 00:00:00 |k Rodrigo Vera | ||
| 490 | 0 | |a Biomathematics, 18 | |
| 999 | |c 216010 |d 216008 | ||
| 952 | |0 0 |1 0 |4 0 |6 577_015100000000000_LEV_1989 |7 0 |8 A |9 201365 |a BIBMAT |b BIBMAT |d 2019-11-14 |i 2685396 |o 577.0151 LEV 1989 |p 2685396 |r 2025-01-07 |w 2019-11-14 |y BK |k MAT | ||
| 952 | |0 0 |1 0 |4 0 |6 577_015100000000000_LEV_1989 |7 0 |8 A |9 201366 |a BIBMAT |b BIBMAT |d 2019-11-14 |i 268540K |o 577.0151 LEV 1989 |p 268540K |r 2025-01-07 |w 2019-11-14 |y BK |k MAT | ||
| 952 | |0 0 |1 0 |4 0 |6 577_015100000000000_LEV_1989 |7 0 |8 A |9 201367 |a BIBCUR |b BIBCUR |d 2019-11-14 |i 1796399 |o 577.0151 LEV 1989 |p 1796399 |r 2025-04-22 |w 2019-11-14 |y BK |k BCB | ||